Propuesta de un sistema de gestión de calidad con enfoque en la planeación de requerimientos de materiales en la empresa TIMS EDIFICA S
El presente trabajo está orientado al desarrollo de una propuesta de sistema de gestión de calidad enfocado en el proceso de planeación de requerimientos de materiales que minimizará el desfase en el plazo de entrega de torres para telecomunicaciones.
| Main Authors: | , |
|---|---|
| Other Authors: | |
| Format: | Tesis Section = Libro |
| Language: | Undetermined Spanish |
| Published: |
Managua
UNI
2009
|
| Subjects: |
| LEADER | 01131nam a2200253Ia 4500 | ||
|---|---|---|---|
| 008 | 240830s9999 xx 000 0 und d | ||
| 040 | |a BIBLIOTECA-RUPAP T.Mon 658.503 P426 | ||
| 041 | |a spa | ||
| 082 | |a T.Mon 658.503 P426 | ||
| 100 | 1 | |a Peralta Argeñal, Katty Nazarena | |
| 100 | 1 | |b Mondragón Huete, Alan | |
| 245 | 1 | 0 | |a Propuesta de un sistema de gestión de calidad con enfoque en la planeación de requerimientos de materiales en la empresa TIMS EDIFICA S |
| 260 | |a Managua |b UNI |c 2009 | ||
| 300 | |a 169 p. :il. | ||
| 500 | |a Contiene: anexos e Incluye: CD. | ||
| 502 | |a Tesis (Ingeniero de Sistemas)- UNI, 2009. | ||
| 520 | 3 | |a El presente trabajo está orientado al desarrollo de una propuesta de sistema de gestión de calidad enfocado en el proceso de planeación de requerimientos de materiales que minimizará el desfase en el plazo de entrega de torres para telecomunicaciones. | |
| 650 | 7 | |a PLANIFICACIÓN DE LA PRODUCCIÓN | |
| 650 | 7 | |b CONTROL DE CALIDAD | |
| 650 | 7 | |c MANUAL DE PROCEDIMIENTOS | |
| 700 | 1 | |a Tutor: |b Sánchez Munguía, Marvin René | |
| 942 | |c BK |2 ddc | ||
| 991 | |a TESIS | ||
| 999 | |c 18660 | ||